000 00485nam a22001457a 4500
005 20250804154350.0
008 250804b |||||||| |||| 00| 0 eng d
050 _aTHE HD 45. M66 2016
_bC.1
100 _aMOMANYI, GEORGE WERE
245 _aTHE EFFECTS OF RESEARCH AND DEVELOPMENT INTERGRATION ON ORGANISATIONAL PERFORMANCE IN MANUFACTURING FIRMS:
_bA CRITICAL LITERATURE REVIEW
260 _aKISII
_bKSU
_c2016
300 _a42P.
500 _aINCLUDES REFERENCES
942 _2lcc
_cREF
999 _c215987
_d215987